|
|
|
|
| LEADER |
02532nam a2200601 a 4500 |
| 001 |
nkc20112222846 |
| 003 |
CZ PrNK |
| 005 |
20120411091419.0 |
| 007 |
ta |
| 008 |
111003s2011 xr a f 101 0 eng |
| 015 |
|
|
|a cnb002222846
|
| 020 |
|
|
|a 978-80-214-4306-8
|q (brož.)
|
| 035 |
|
|
|a (OCoLC)761169294
|
| 040 |
|
|
|a ABA001
|b cze
|
| 072 |
|
7 |
|a 628
|x Sanitární technika. Vodárenství. Odpadové hospodářství. Světelná technika
|2 Konspekt
|9 19
|
| 080 |
|
|
|a 551.521.1
|2 MRF
|
| 080 |
|
|
|a 628.92
|2 MRF
|
| 080 |
|
|
|a 628.953
|2 MRF
|
| 080 |
|
|
|a 697.7:620.92
|2 MRF
|
| 080 |
|
|
|a 699.86
|2 MRF
|
| 080 |
|
|
|a (062.534)
|2 MRF
|
| 111 |
2 |
|
|a Solaris 2011
|c (Brno, Česko)
|7 kn20111003007
|
| 245 |
1 |
0 |
|a SOLARIS 2011 :
|b proceedings of the 5th international conference on solar radiation and daylighting : 10-11 August 2011 /
|c [editors Miloslav Novotný, Jitka Mohelníková]
|
| 246 |
3 |
0 |
|a 5th international conference on solar radiation and daylighting
|
| 246 |
3 |
0 |
|a International conference on solar radiation and daylighting
|
| 250 |
|
|
|a 1st ed.
|
| 260 |
|
|
|a Brno :
|b Akademické nakladatelství CERM,
|c 2011
|
| 300 |
|
|
|a 280 s. :
|b il. ;
|c 25 cm +
|e 1 CD-ROM
|
| 500 |
|
|
|a Nad názvem: Brno University of Technology, Faculty of Civil Engineering, Institute of Building Structures
|
| 500 |
|
|
|a 120 výt.
|
| 504 |
|
|
|a Obsahuje bibliografie a rejstřík
|
| 650 |
0 |
7 |
|a sluneční záření
|7 ph221956
|2 czenas
|
| 650 |
0 |
7 |
|a osvětlení denním světlem
|7 ph119686
|2 czenas
|
| 650 |
0 |
7 |
|a světlovody
|7 ph495105
|2 czenas
|
| 650 |
0 |
7 |
|a solární vytápění
|7 ph388483
|2 czenas
|
| 650 |
0 |
7 |
|a tepelná ochrana budov
|7 ph126577
|2 czenas
|
| 650 |
0 |
9 |
|a solar radiation
|2 eczenas
|
| 650 |
0 |
9 |
|a daylighting
|2 eczenas
|
| 650 |
0 |
9 |
|a light guides
|2 eczenas
|
| 650 |
0 |
9 |
|a solar heating
|2 eczenas
|
| 650 |
0 |
9 |
|a thermal protection of buildings
|2 eczenas
|
| 655 |
|
7 |
|a sborníky konferencí
|7 fd133333
|2 czenas
|
| 655 |
|
9 |
|a proceedings of conferences
|2 eczenas
|
| 700 |
1 |
|
|a Novotný, Miloslav,
|d 1955-
|7 jn20000620257
|4 edt
|
| 700 |
1 |
|
|a Mohelníková, Jitka,
|d 1963-
|7 mzk2003171484
|4 edt
|
| 710 |
2 |
|
|a Vysoké učení technické v Brně.
|b Ústav pozemního stavitelství
|7 ko2002103636
|
| 910 |
2 |
|
|a BOA001
|b 2-1278.974
|
| 928 |
9 |
|
|a CERM
|
| 990 |
|
|
|a BK
|
| 995 |
|
|
|a 01
|
| 991 |
|
|
|b 201202
|c NOV
|j 628 SOL
|e n
|
| 996 |
6 |
|
|b 2610502089
|c 2-1278.974
|l MZK
|r Sklad / do 1 hodiny
|n 0
|p p.v.
|w 001228092
|u 000010
|a 1
|e BOA001
|j MZK50
|s P
|
| 996 |
7 |
|
|b 2610502090
|c 2-1278.974
|l MZK
|r Sklad / do 1 hodiny
|n 3
|p p.v.
|w 001228092
|u 000020
|a 1
|e BOA001
|j MZK50
|s A
|